000 00321nam a2200145Ia 4500
005 20251222152016.0
008 251222s9999||||xx |||||||||||||| ||spa||
020 _a8790730682
082 _a306.08/G77
100 _aGray, Andrew
245 0 _aEl Ultimo Chaman
250 _a1ra.ed.
264 _bT.A.G.E
942 _cLIB
999 _c25100
_d25100